The comearision study on the age of seedling on rice yield in rainy season with traditional rice variety"ponhea sea'' at chamkardaung crop station,(ការប្រៀបធៀបការប្រើប្រាស់អាយុសំណាបលើទិន្នផល​ស្រូូវវស្សាលើពូជស្រូវប្រពៃណី''ពញាសេះ''នៅស្ថានីយ៍ពិសោធន៍ដំណាំចំការដូង) (Record no. 576)

000 -LEADER
fixed length control field 00811nam a22001337a 4500
040 ## - CATALOGING SOURCE
Transcribing agency RUA
082 ## - DEWEY DECIMAL CLASSIFICATION NUMBER
Classification number AGR HEY 2003 B029 Or.1
100 ## - MAIN ENTRY--AUTHOR NAME
Personal name HEY SARUN
245 ## - TITLE STATEMENT
Title The comearision study on the age of seedling on rice yield in rainy season with traditional rice variety"ponhea sea'' at chamkardaung crop station,(ការប្រៀបធៀបការប្រើប្រាស់អាយុសំណាបលើទិន្នផល​ស្រូូវវស្សាលើពូជស្រូវប្រពៃណី''ពញាសេះ''នៅស្ថានីយ៍ពិសោធន៍ដំណាំចំការដូង)
260 ## - PUBLICATION, DISTRIBUTION, ETC. (IMPRINT)
Place of publication phnom penh
Name of publisher RUA
Year of publication 2003
300 ## - PHYSICAL DESCRIPTION
Number of Pages 47p.
Dimensions ill.
856 ## - ELECTRONIC LOCATION AND ACCESS
Uniform Resource Identifier https://drive.google.com/file/d/1RI8kHpyyyfvaTLBU4Yen3bPZ5j5rmhFw/view?usp=sharing
942 ## - ADDED ENTRY ELEMENTS (KOHA)
Koha item type AGR
952 ## - LOCATION AND ITEM INFORMATION (KOHA)
Withdrawn status [LOCAL, KOHA] 0
952 ## - LOCATION AND ITEM INFORMATION (KOHA)
Withdrawn status [LOCAL, KOHA] 0
952 ## - LOCATION AND ITEM INFORMATION (KOHA)
Withdrawn status [LOCAL, KOHA] 0
Holdings
Koha item type Barcode Lost status Permanent Location Current Location Date acquired Full call number
AGRRUA001614 Library Block BLibrary Block B2015-09-16AGR HEY 2003 B029 Or.1
AGRRUA001404 Library Block BLibrary Block B2015-09-16AGR HEY 2003 B029 Or.2
AGRRUA001476 Library Block BLibrary Block B2015-09-16AGR HEY 2003 B029 Or.3
មជ្ឈមណ្ឌលឯការនៃសាកលវិទ្យាល័យភូមិន្ទកសិកម្មចំការដូង

Powered by Koha